| 000 | 00420nam a22001097a 4500 | ||
|---|---|---|---|
| 008 | 230703b xxu||||| |||| 00| 0 eng d | ||
| 082 |
_a342 _bCKRC 2005 |
||
| 245 |
_aThe Popular Version of the Proposed New Constitution _bApproved for Issue at the 109th Plenary Meeting of the Commision Held on THursday, September 1, 2005 |
||
| 260 |
_aKenya _bConstitution of Kenya Review Commision _c2005 |
||
| 300 | _a77p | ||
| 942 |
_2ddc _cBK |
||
| 999 |
_c3246 _d3246 |
||